000 00335nam a22001337a 4500
020 _a978-8180140075
041 _aENG
100 _aArora.K.R
245 _aIrrigation Water Power And Water Resources Engineering
260 _aDelhi
_bStandard Publishers Distrutors
_c1996
300 _a1106
650 _aIDE
856 _uIDE ( 18 )
999 _c1490
_d1490